Представление документа в формате RUSMARC

ПолеНазваниеЗначение
  Тип записи c
  Библиографический уровень m
001 Контрольный номер RU/УОНБ/EK_N/447851022
005 Дата корректировки 20251120140648.9
013 Номер (ISMN) __
d Цена 3 р. 89 к.
071 Издательские номер (звукозапись и ноты) 21
a Номер, присвоенный агентством 8656
100 Данные общей обработки __
a Данные общей обработки 20140311d2014 u y0rusy0189||||ba
101 Язык документа 0_
a Язык текста ger
f Язык титульного листа ger
102 Страна публикации __
a Страна публикации DE
105 Кодированные данные (монография) __
a Кодированные данные (монография) y###||||000|y
200 Заглавие и сведения об ответственности 1_
a Заглавие Band 1
e Сведения, относящиеся к заглавию Urtextausgabe
f Первые сведения об ответственности Hrsg. von K. Schubert
g Последующие сведения об ответственности [Vorwort von F. K. Griepenkerl]
215 Физическое описание __
a Объем 128 c.
d Формат 30 см
327 Примечание о содержании 11
a Примечание о содержании Содерж. : Sechs Sonaten ; Passacaglia ; Pastorella.
461 Уровень набора _0
1 001RU/УОНБ/EK_N/447850308
1 200
a Orgelworke
b [Ноты]
d [Органные сочинения]
f J. S. Bach
f [Бах]
g Neue Ausgabe nach den Quellen
g Editionsleiter H. J. Schulze
v Band 1
464 Аналитический уровень _0
1 2001
a Sechs Sonaten
464 Аналитический уровень _0
1 2001
a Passacaglia
464 Аналитический уровень _0
1 2001
a Pastorella
512 Заглавие обложки 1_
a Заглавие обложки Orgelworke
606 Тематические рубрики 0_
a Основная рубрика Органная музыка зарубежная
610 Ключевые слова 0_
a Ключевые слова органная музыка зарубежная
686 Индексы других классификаций __
a Классификационный индекс 85.954.3(3)я44
2 Код системы rubbk
702 Вторичная интеллектуальная ответственность _1
a Фамилия Schubert
b Имя (инициалы) K.
4 Код отношения 340
702 Вторичная интеллектуальная ответственность _1
a Фамилия Griepenkerl
b Имя (инициалы) F. K.
4 Код отношения 075
801 Источник записи _0
a Страна RU
b Организация Ульяновская ОНБ
c Дата составления 20140311
g Правила каталогизации RCR
801 Источник записи _1
a Страна RU
b Организация Ульяновская ОНБ
c Дата составления 20140311
g Правила каталогизации RCR
901 Тип документа __
t Тип документа n
w Контрольный № источника RU/УОНБ/EK_N/447850308
909 Создатель записи __
a Создатель записи Никитина Т. А.
910 Корректоры записи __
a Корректор записи Васина
938 Служебная информация __
a Имя БД noti
b Имя библиотеки УОНБ
c Имя АИБС МАРК-SQL
d Номер DOC_ID в БД 12057